Catálogo - Centro de Recursos para el Aprendizaje y la Investigación
Volver al Sitio - CRAI Biblioteca| 000 -CABECERA | |
|---|---|
| campo de control de longitud fija | 01146nam a22002177a 4500 |
| 001 - NÚMERO DE CONTROL | |
| campo de control | 113399 |
| 003 - IDENTIFICADOR DEL NÚMERO DE CONTROL | |
| campo de control | DR-UNIBE |
| 005 - FECHA Y HORA DE LA ÚLTIMA TRANSACCIÓN | |
| campo de control | 20250415094514.0 |
| 008 - DATOS DE LONGITUD FIJA--INFORMACIÓN GENERAL | |
| campo de control de longitud fija | 250331b2007 ck ||||| |||| 00| 0 spa d |
| 040 ## - FUENTE DE LA CATALOGACIÓN | |
| Centro catalogador/agencia de origen | BIBLIOTECA UNIBE |
| Centro/agencia transcriptor | BIBLIOTECA UNIBE |
| Normas de descripción | rda |
| 041 ## - CÓDIGO DE LENGUA | |
| Código de lengua del texto/banda sonora o título independiente | spa |
| 082 ## - NÚMERO DE LA CLASIFICACIÓN DECIMAL DEWEY | |
| Número de clasificación | 347.014 C748ju |
| 111 2# - ENTRADA PRINCIPAL--NOMBRE DE CONGRESO/REUNIÓN | |
| Nombre de congreso/reunión o jurisdicción como elemento de entrada | Conferencia Iberoamericana de Justicia Constitucional (6ª : 2007 : Cartadena de Indias ) |
| 9 (RLIN) | 193636 |
| 245 10 - MENCIÓN DE TÍTULO | |
| Título | Jurisdicción constitucional y jurisdicción ordinaria : |
| Resto del título | control constitucional de las decisiones judicionales |
| 260 ## - PUBLICACIÓN, DISTRIBUCIÓN, ETC. | |
| Lugar de publicación, distribución, etc. | Cartagena de Indias : |
| Nombre del editor, distribuidor, etc. | Agencia Española de Cooperación Internacional, |
| Fecha de publicación, distribución, etc. | 2007 |
| 300 ## - DESCRIPCIÓN FÍSICA | |
| Extensión | 277 páginas |
| 505 ## - NOTA DE CONTENIDO CON FORMATO | |
| Nota de contenido con formato | 1. Delegaciones asistentes y foto |<br/>2. Programa |<br/>3. Discurso inaugural |<br/>4. Ponencia general: Jurisdicción constitucional y Jurisdicción ordinaria |<br/>5. Las relaciones entre jurisdicciones |<br/>6. Resumen de respuestas al cuestionario preparatorio de la Conferencia |<br/>7. Informes de invitados |<br/>8. Declaración Final |<br/>9. Informe de la Secretaría Permanente |<br/> |
| 650 #7 - PUNTO DE ACCESO ADICIONAL DE MATERIA--TÉRMINO DE MATERIA | |
| Fuente del encabezamiento o término | lemb |
| Término de materia o nombre geográfico como elemento de entrada | Jueces |
| 650 #7 - PUNTO DE ACCESO ADICIONAL DE MATERIA--TÉRMINO DE MATERIA | |
| Fuente del encabezamiento o término | lemb |
| Término de materia o nombre geográfico como elemento de entrada | Justicia |
| 942 ## - ELEMENTOS DE PUNTO DE ACCESO ADICIONAL (KOHA) | |
| Fuente del sistema de clasificación o colocación | Sistema de Clasificación Decimal Dewey |
| Tipo de ítem Koha | Libro (general) |
| Estado de retiro | Estado de pérdida | Fuente del sistema de clasificación o colocación | No para préstamo | Código de colección | Localización permanente | Fecha de adquisición | Total de préstamos | Signatura topográfica completa | Código de barras | Fecha visto por última vez | Número de copia | Precio válido a partir de | Tipo de ítem Koha |
|---|---|---|---|---|---|---|---|---|---|---|---|---|---|
| Disponible | Sistema de Clasificación Decimal Dewey | General | Biblioteca Central UNIBE | 01/02/2025 | 347.014 C748ju | 250227 | 31/03/2025 | Ej. 1 | 31/03/2025 | Libro (general) | |||
| Disponible | Sistema de Clasificación Decimal Dewey | General | Biblioteca Central UNIBE | 01/02/2025 | 347.014 C748ju | 250228 | 31/03/2025 | Ej. 2 | 31/03/2025 | Libro (general) |